Państwa w języku francuskim - Statystyki

Ogólne statystyki
  • Ten quiz został rozwiązany 550 razy
  • Średni wynik to 14 z 18
Statystyki odpowiedzi
Francuski Polskie % Poprawnych
Malte Malta
99%
Arabie saoudite Arabia Saudyjska
97%
Espagne Hiszpania
97%
Autriche Austria
96%
Slovénie Slowenia
96%
Slovaquie Słowacja
95%
Soudan Sudan
95%
Tchad Czad
88%
Hongrie Węgry
85%
Suisse Szwajcaria
81%
Côte d'ivoire Wybrzeże Kości Słoniowej
72%
Suède Szwecja
70%
Corée du Nord Korea Północna
66%
Corée du Sud Korea Południowa
65%
Lettonie Łotwa
63%
Tchéquie Czechy
61%
Royaume-Uni Wielka Brytania
56%
Pays-Bas Holandia
26%
Nie znaleziono quizów pasujących do podanych kryteriów
Rozkład punktacji
Procent ludzi z każdym wynikiem
Percentyl według liczby udzielonych odpowiedzi
Twoja historia wyników
Nie rozwiązałeś tego quizu